000 01669nam a2200469 i 4500
001 30743
003 KOSZ 005
005 20201106105700.0
008 970620s1991 pl f |000 0 pol
015 _aUWD 1995/1427
035 _a991000267029705066
035 _a(PL-WaBN)b10114828-48omnis_nlop
035 _ab10114828
035 _a(OCoLC)749152894
035 _a(PL)b0000001011482
035 _a(EXLNZ-48OMNIS_NETWORK)9910261628605606
040 _aWA N
_cWA N
_dKOSZ 005/EG
046 _k1991
080 _a553
080 _a549
080 _a66
080 _a(03)
245 0 0 _aEncyklopedia surowców mineralnych.
_n[T. 1],
_pA-G /
_c[pod red. Andrzeja Bolewskiego] ; Polska Akademia Nauk. Komitet Gospodarki Surowcami Mineralnymi, Centrum Podstawowych Problemów Gospodarki Surowcami Mineralnymi i Energią PAN.
260 _aKraków :
_bWydaw. CPPGSMiE PAN,
_c1991.
300 _a492 s. ;
_c24 cm.
336 _aTekst
_btxt
_2rdacontent
337 _aBez urządzenia pośredniczącego
_bn
_2rdamedia
338 _aWolumin
_bnc
_2rdacarrier
380 _aKsiążki
388 _a1901-2000
388 _a1989-2000
490 1 _aGospodarka Surowcami Mineralnymi,
_x0860-0953 ;
_vt. 7 z. 5 spec.
504 _aBibliogr. s. 483-492.
650 7 _aMinerały
_2DBN
655 7 _aEncyklopedia
_2DBN
658 _aGeografia i nauki o Ziemi
700 1 _aBolewski, Andrzej
_d(1906-2002)
_eRedakcja
830 0 _aGospodarka Surowcami Mineralnymi,
_vt. 7 z. 5 spec.
856 _uhttp://koha.tu.koszalin.pl/cgi-bin/koha/opac-detail.pl?biblionumber=30743
_yKatalog online BPK
942 _2UKD
_cKS
999 _c30743
_d30743